BIBLIOTHÈQUE DE LA MAISON DU MEXIQUE

Logo 1 Logo 2

La ayuda de la Unión Europea para el desarrollo internacional (notice nᵒ 10862)

détails MARC
000 -Sello discográfico
campo de control de longitud fija 01181nam a2200325 4500
005 - Identificación de versión
campo de control 20250925141512.0
010 ## - Número Estándar Internacional de Libros (ISBN)
Número (ISBN) 978-607-7613-54-1
035 ## - Otros números de control del sistema
Número de control del sistema 15473
099 ## - fechas locales
Tipo de ítem Koha LIBRO
100 ## - Datos de procesamiento general
Datos de procesamiento general 20120209d2011 m y1spay5003 ba
105 ## - Campo de datos codificados: Material textual, monográfico
Datos codificados de monografía a 001zy
200 1# - Título y mención de responsabilidad
Título propio La ayuda de la Unión Europea para el desarrollo internacional
Designación general del material texto impreso
Otra información del título entre el dicho y el hecho
Primer mención de responsabilidad Rebecka Villanueva Ulfgard
205 ## - Declaración de edición
Declaración de edición 1a ed
210 ## - Publicación, distribución, etc.
Lugar de publicación, distribución, etc. México
Nombre del editor, distribuidor, etc. Instituto de Investigaciones Dr. José María Luis Mora
Fecha de publicación, distribución, etc. 2011
215 ## - Descripción física
Designación de material específico y extensión del ítem 42 p
Otras características físicas il.
Dimensiones 28 cm
320 ## - Nota de índices/bibliografías internas
Texto de la nota Incluye bibliografía: p.38-42
345 ## - Nota de información de adquisición
Fuente de adquisición/dirección de la suscripción [OBSOLETO] Intercambio Instituto de Investigaciones Dr. José María Luis Mora
410 #1 - Series
Título Cuadernos de cooperación internacional y desarrollo
606 ## - Término temático usado como materia
Elemento de entrada Asistencia económica europea
Número Koha 17401
606 ## - Término temático usado como materia
Elemento de entrada Cooperación internacional
Número Koha 17402
660 ## - Código de área geográfica
Código MX
700 ## - Nombre personal - Responsabilidad primaria
Elemento de entrada Viilanueva Ulfgard
Parte del nombre distinta del elemento de entrada Rebecka
Número Koha 17403
801 #0 - Fuente de origen
País FR
Agencia cm
Reglas de catalogación (convenciones descriptivas) AFNOR
900 ## -
-- 1/6628
900 ## -
-- 7100418391\260204
942 ## - ELEMENTOS DE ENTRADA SECUNDARIOS (KOHA)
Tipo de ítem Koha Livre
996 ## -
-- MEX
-- 751145101
-- MMAG
-- 001680
-- 338.91 V718A
-- 20120209LIV
Exemplaires
Estatus retirado Estado de daño Estado de pérdida Fecha de adquisición Biblioteca de origen Biblioteca actual Ubicación en estantería Código de barras Precio de reemplazo Signatura topográfica completa No para préstamo Tipo de ítem Koha Nota pública Nota no pública
      05/08/2025 Casa México Paris Casa México Paris   001680 05/08/2025 338.91 V718A   Livre 20120209LIV 751145101